Score 0/20 Timer 03:00
1 Play Today
Friend Language % Correct
friendEnglish
99.8%
amigoSpanish or Portuguese
95%
Freund or FreundinGerman
94.5%
朋友 péngyǒu Mandarin
92.2%
صاحب (sahib)‌ or صديقي (sadiqi)Arabic
87.7%
友 達 (tomodachi)Japanese
87.6%
amiFrench
87.2%
φίλος (philos)Greek
77.9%
друг (droog)Russian
74.7%
amicoItalian
70%
Friend Language % Correct
친구 (chingu or jingu)Korean
70%
amicusLatin
57.9%
hoaloha, makamaka, or aikāneHawaiian
51.9%
rafikiSwahili
45.7%
vriendDutch or Afrikaans
40.6%
दोस्त (dost)Hindi
33.6%
vän or kompis Swedish
33.1%
vennNorwegian
25%
venDanish
20.5%
barát Hungarian
12.4%

You're not logged in!

Compare scores with friends on all Sporcle quizzes.
OR
Log In

Sporcle TV

Today on Sporcle TV


Watch our educational content, quiz creation guides, and fun videos on Sporcle TV.

Show Comments

Extras

Top Quizzes Today


Score Distribution

Paid Content

Your Account Isn't Verified!

In order to create a playlist on Sporcle, you need to verify the email address you used during registration. Go to your Sporcle Settings to finish the process.

Report this User

Report this user for behavior that violates our Community Guidelines.

Details: